<?xml version="1.0" encoding="UTF-8"?>
<record
    xmlns:xsi="http://www.w3.org/2001/XMLSchema-instance"
    xsi:schemaLocation="http://www.loc.gov/MARC21/slim http://www.loc.gov/standards/marcxml/schema/MARC21slim.xsd"
    xmlns="http://www.loc.gov/MARC21/slim">

  <leader>00741nam a2200193 a 4500</leader>
  <controlfield tag="005">20140412111234.0</controlfield>
  <controlfield tag="008">010604s19uu    xx            00    eng d</controlfield>
  <datafield tag="020" ind1=" " ind2=" ">
    <subfield code="a">0-307-12842-3</subfield>
  </datafield>
  <datafield tag="050" ind1=" " ind2=" ">
    <subfield code="a">ER</subfield>
    <subfield code="b">On2 1996</subfield>
  </datafield>
  <datafield tag="100" ind1=" " ind2=" ">
    <subfield code="a">Mann, P. Z.</subfield>
  </datafield>
  <datafield tag="245" ind1=" " ind2=" ">
    <subfield code="a">101 dalmatians /</subfield>
    <subfield code="c">adapted by P. Z. Mann.</subfield>
  </datafield>
  <datafield tag="260" ind1=" " ind2=" ">
    <subfield code="a">New York :</subfield>
    <subfield code="b">A Golden Bool,</subfield>
    <subfield code="c">1996.</subfield>
  </datafield>
  <datafield tag="300" ind1=" " ind2=" ">
    <subfield code="a">1v.(unp.) ; ill.</subfield>
  </datafield>
  <datafield tag="440" ind1=" " ind2=" ">
    <subfield code="a">Disney's</subfield>
  </datafield>
  <datafield tag="520" ind1=" " ind2=" ">
    <subfield code="a">Cruella DeVil, that wicked, scheming villainess, will stop at nothing to get the animal furs she loves to wear.  But she's no match for the Dalmatians Perdy and Pongo, who also will do whatever it takes to rescue and protect their beloved puppies.</subfield>
  </datafield>
  <datafield tag="650" ind1=" " ind2=" ">
    <subfield code="a">Puppies-Stories</subfield>
  </datafield>
  <datafield tag="650" ind1=" " ind2=" ">
    <subfield code="a">Puppies-Fiction</subfield>
  </datafield>
  <datafield tag="999" ind1=" " ind2=" ">
    <subfield code="c">102316</subfield>
    <subfield code="d">102316</subfield>
  </datafield>
  <datafield tag="952" ind1=" " ind2=" ">
    <subfield code="0">0</subfield>
    <subfield code="1">0</subfield>
    <subfield code="4">0</subfield>
    <subfield code="5">0</subfield>
    <subfield code="a">EL</subfield>
    <subfield code="b">EL</subfield>
    <subfield code="c">ER</subfield>
    <subfield code="d">2001-06-04</subfield>
    <subfield code="e">Donation</subfield>
    <subfield code="g">114.50</subfield>
    <subfield code="l">0</subfield>
    <subfield code="o">ER On2 1996</subfield>
    <subfield code="p">E1393</subfield>
    <subfield code="r">2014-04-12 00:00:00</subfield>
    <subfield code="w">2014-04-12</subfield>
    <subfield code="y">BK</subfield>
  </datafield>
</record>
